Pembalasan Anak Bentayan

Bibliographic Details
Main Author: Hamdan Raja Abdullah
Format: Book
Published: Kuala Lumpur : DBP , 1992
Subjects:

MARC

LEADER 00000cam a2200000 7i4500
001 0000006379
002 000006887
005 20081204.0
020 |a 9836217479 
090 0 0 |a JF   |b HAM 
100 0 |a Hamdan Raja Abdullah 
245 1 0 |a Pembalasan Anak Bentayan   |c Hamdan Raja Abdullah 
260 |a Kuala Lumpur :   |b DBP ,   |c 1992 
300 |a 157p. :   |b ill ;   |c 18cm. 
650 0 0 |a Historical fiction, Malay 
999 |a 0001571   |b BUKU   |c PINJAMAN   |e PERPUSTAKAAN KOMUNITI PETALING JAYA 
999 |a 039344   |b BUKU   |c PINJAMAN   |e PERPUSTAKAAN KOMUNITI PETALING JAYA